000 00720nam a2200253 i 4500
001 bg
100 1 _aKAFARSKI, Paweł
245 1 0 _aChemia bioorganiczna /
_cPaweł Kafarski, Barbara Lejczak.
260 _aWarszawa :
_bWydaw. Naukowe PWN,
_c1994
_e(Wroc. :
_fWDN,
_g1993).
300 _a540, [4] s. :
_brys., wykr. ;
_c25 cm.
504 _aBibliogr. s. 532-534. - Indeks.
650 9 _aBiochemia
650 9 _aChemia organiczna
655 _aPodręczniki akademickie
700 1 _aLEJCZAK, Barbara
015 _aPB 6644/94
020 _a8301112476
040 _cBPK
041 _apol
080 _a547:577.1](075.8)
920 _a83-01-11247-6
942 _cKS
008 s pl f |000 0 pol
999 _c30218
_d30218
856 _uhttp://koha.tu.koszalin.pl/cgi-bin/koha/opac-detail.pl?biblionumber=30218
_yKatalog online BPK